Statistics for Leaders of The Australian Labor Party

Click here to take the quiz!

General Stats

  • This quiz has been taken 20 times
  • The average score is 15 of 24

Answer Stats

TenurePrime Minister?Answer% Correct
1983-1991YesBob Hawke
94%
1967-1977YesGough Whitlam
94%
2010-2013YesJulia Gillard
94%
2013YesKevin Rudd
94%
2006-2010YesKevin Rudd
94%
1991-1996YesPaul Keating
88%
2019-IncumbentYesAnthony Albanese
82%
2013-2019NoBill Shorten
82%
2005-2006NoKim Beazley
76%
1996-2001NoKim Beazley
76%
1945-1951YesBen Chifley
71%
2003-2005NoMark Latham
71%
1935-1945YesJohn Curtin
65%
2001-2003NoSimon Crean
59%
1977-1983NoBill Hayden
53%
1915-1916YesBilly Hughes
53%
1928-1935YesJames Scullin
53%
1907-1915YesAndrew Fisher
41%
1901-1907YesChris Watson
41%
1960-1967NoArthur Calwell
35%
1945YesFrank Forde
35%
1951-1960NoHebert (Doc) Evatt
29%
1916-1922NoFrank Tudor
18%
1922-1928NoMatthew Charlton
18%

Score Distribution

Percentile by Number Answered

Percent of People with Each Score

Your Score History

You have not taken this quiz